Place matters : gendered geography in Victorian women's travel books about Southern Asia

Αποθηκεύτηκε σε:
Λεπτομέρειες βιβλιογραφικής εγγραφής
Κύριος συγγραφέας: Morgan, Susan, 1943-
Μορφή: Βιβλίο
Γλώσσα:English
Δημοσίευση: New Bruswick : Rutgers University Press, 1996
Θέματα:
Ετικέτες: Προσθήκη ετικέτας
Δεν υπάρχουν, Καταχωρήστε ετικέτα πρώτοι!

MARC

LEADER 00000cam a2200000 i 4500
001 1/89775
008 990915s1996 eng d
020 |a 0-8135-2249-8 
035 |l 10052878 
040 |a GR-MY-UA  |b gre  |e aacr 
041 0 |a eng 
082 0 |a 820.9355 
100 1 |a Morgan, Susan,   |d 1943- 
245 1 0 |a Place matters :  |b gendered geography in Victorian women's travel books about Southern Asia /  |c Susan Morgan 
260 |a New Bruswick :   |b Rutgers University Press,   |c 1996 
300 |a 345 p. 
504 |a Includes bibliographical references and index 
650 0 0 |a Travelers' writings, English  |x History and criticism. 
650 0 0 |a English prose literature  |x Women authors  |x History and criticism. 
650 0 0 |a Women travelers  |z Asia, Southeastern  |x History  |y 19th century  |x Historiography. 
650 0 0 |a Feminism and literature  |z Asia, Southeastern  |x History  |y 19th century. 
650 0 0 |a English prose literature  |y 19th century  |x History and criticism. 
650 0 0 |a Women and literature  |z Great Britain  |x History  |y 19th century. 
650 0 |a British  |z Southeast Asia  |x History  |y 19th century  |x Historiography. 
852 |a INST  |b LESVOS  |e 19990915  |h 820.9355 MOR  |p 005100015811  |q 005100015811  |t BK  |y 0 
901 |a BIBL1-1999-3 
970 |a ΚΑΜΑΤΣΟΥ  |b ΔΕΣΠΟΙΝΑ  |z 1999/09/15